[Event "Bundesliga 0405"]
[Site "Germany"]
[Date "2005.02.12"]
[Round "10.2"]
[White "Aronian, Levon"]
[Black "Van Wely, Loek"]
[Result "1/2-1/2"]
[WhiteElo "2675"]
[BlackElo "2681"]
[Annotator "Gavrikov,V"]
[PlyCount "83"]
[EventDate "2004.11.12"]
[EventType "team-tourn"]
[EventRounds "15"]
[EventCountry "GER"]
[SourceTitle "CBM 106"]
[Source "ChessBase"]
[SourceDate "2005.06.06"]
[SourceVersion "1"]
[SourceVersionDate "2005.06.06"]
[SourceQuality "1"]
[WhiteTeam "Kreuzberg"]
[BlackTeam "Porz"]
[WhiteTeamCountry "GER"]
[BlackTeamCountry "GER"]

1. d4 Nf6 2. c4 e6 3. Nc3 Bb4 4. e3 O-O 5. Nge2 d5 6. a3 Be7 7. cxd5 exd5 8. b4
Re8 9. Ng3 c6 10. Bd3 a5 ({More common is the continuation} 10... Nbd7 11. O-O
Nb6 {and Black can meet} 12. b5 (12. Rb1 Bd6 13. a4 Bxg3 $5 14. hxg3 Ne4 15.
Bxe4 dxe4 16. b5 Be6 $1 {1/2-1/2 Gurevich,D-Onischuk,A/Chicago 2002/CBM 086
ext (47)}) {with} 12... c5 13. dxc5 Bxc5 14. Na4 Nxa4 15. Qxa4 d4 $1 {e.g.} 16.
Qc2 (16. Rd1 $6 Bg4 $1 (16... dxe3 17. Bxh7+ Nxh7 18. Rxd8 exf2+ 19. Kf1 Rxd8
$13) 17. Be2 Bxe2 18. Nxe2 Ng4 $1 $40) (16. e4 Ng4 17. Bf4 Nxh2 $5 (17... Qf6)
18. Rfc1 b6 19. f3 Qh4 20. Ne2 Nxf3+ 21. gxf3 Re6 $13 {1/2-1/2 Bu
Xiangzhi-Chuchelov,V/Moscow 2003/CBM 094 (42)}) 16... dxe3 17. Bxh7+ Nxh7 18.
Qxc5 b6 19. Qc2 Qd5 $1 20. fxe3 Qxb5 21. Qf2 f6 $11 {0-1 Goh Koong Jong,
J-Dorfman,J/Mallorca 2004/CBM 104 no vc (66)}) 11. b5 c5 12. O-O Bg4 $6 ({
An unfortunate novelty instead of the known} 12... Nbd7 13. dxc5 ({or} 13. Nf5
Bf8 14. dxc5 Nxc5 15. Nd4 Bg4 16. Be2 Bxe2 17. Ncxe2 Nce4 $132 {0-1 Tolk,
P-Chuchelov,V/Antwerp 1999/EXT 2000 (36)}) 13... Nxc5 14. Bb2 Be6 15. Na4 {
0-1 Van Beek,L-Jens,J/Belgium 2003/EXT 2004 (48)} {and now Black could have
obtained enough counterplay with} Nxd3 16. Qxd3 Rc8 {.}) 13. f3 Be6 14. f4 $1 {
Preventing Nbd7.} Bg4 15. Qd2 Bc8 {Otherwise Black cannot complete his
development.} 16. Qa2 $5 cxd4 ({Perhaps Black should have tried} 16... c4 17.
Be2 Nbd7 18. e4 dxe4 19. Bxc4 Rf8 20. Ncxe4 Nb6 21. Bb2 Nxc4 22. Qxc4 Be6 {
with some play for the pawn.}) 17. exd4 Qb6 18. Nge2 Bg4 19. Na4 $1 ({Stronger
than} 19. Nxd5 Nxd5 20. Qxd5 Bxe2 21. Bxe2 Bf6 22. Ra2 Bxd4+ 23. Kh1 Rd8 {
followed by Nd7.}) 19... Qd6 20. Nec3 {Forcing the new retreat of black bishop.
} Bc8 21. b6 $6 {Looks tempting but in reality it allows Black to develop his
queenside.} ({In the spirit of White´s previous strategy was} 21. f5 b6 22. Bf4
Qd8 23. Be2 Bb7 24. Bf3 Ne4 25. Rad1 $16) 21... Bd7 $1 {Black neutralizes the
threat of Nb5 by moving this bishop again.} 22. f5 Bxa4 23. Nxa4 Nc6 24. Bf4
Qd7 25. Bb5 Ne4 26. Rad1 ({Not dangerous for Black is} 26. Rac1 Rac8 27. Bc7
Bd6 {.}) 26... Rac8 27. g4 h5 $5 28. Qg2 h4 ({After} 28... hxg4 29. Qxg4 {
Black has to reckon with the manoeuvre Rd3-h3.}) 29. Rd3 Bg5 30. Nc5 Qd8 $5 (
30... Nxc5 31. dxc5 Bxf4 32. Rxf4 Re1+ 33. Rf1 Rxf1+ 34. Kxf1 (34. Qxf1 d4)
34... Qe7 35. Rxd5 (35. Qxd5 $6 Re8) (35. Bxc6 bxc6 36. Qf2 Qe4 37. Qd4 Qh1+
38. Qg1 Qe4 39. Qd4 $11) 35... Qe3 $44) 31. Bc7 Rxc7 32. bxc7 Qxc7 $44 33. Re1
Nxd4 $1 34. Nxe4 $2 {Probably a time-trouble mistake.} ({Correct was} 34. Bxe8
Qxc5 35. Kh1 Nc2 36. Rxd5 $1 (36. Re2 $2 Ne3 37. Qg1 d4 $19) (36. Rxe4 $6 dxe4
37. Rd7 (37. Qxe4 $2 Ne3 38. Rxe3 Bxe3 39. Qxb7 $140 Qc4 40. Qf3 h3 $1 $19)
37... Ne3 38. Bxf7+ Kh7 39. Qb2 Bf6 40. Qf2 Qxa3 $17) 36... Nf2+ 37. Kg1 Nh3+
38. Kh1 Nf2+ {with a draw.}) 34... Rxe4 35. Rxe4 dxe4 36. Qxe4 (36. Rxd4 $142
Be3+ 37. Kh1 Qc1+ 38. Qf1 Qxf1+ 39. Bxf1 Bxd4 40. Kg2) 36... Qc1+ 37. Kg2 Qb2+
38. Kh3 ({If} 38. Kf1 Nxb5 39. Qe8+ Kh7 40. Qxf7 {then} Qb1+ 41. Kf2 Qc2+ 42.
Kg1 (42. Ke1 Nc7 43. Qg6+ Kg8 $19) 42... Qe2 43. Qg6+ Kg8 (43... Kh8 $2 44.
Qxg5 Qxd3 45. Qh5+ Kg8 46. Qe8+ $11) 44. Qe6+ Qxe6 45. fxe6 Nd4 $1 {winning.})
38... Ne2 $2 ({Missing} 38... Nxb5 $1 39. Qe8+ (39. Qxb7 Qe2 40. Qa8+ Kh7 41.
Qf3 Nd4 $1 42. Qxe2 Nxe2) 39... Kh7 40. Qxf7 Qe2 41. Qg6+ Kh8 42. Qxg5 Qxd3+
43. Kxh4 Qe2 $19) 39. Qxe2 $1 Qxe2 40. Rd8+ Bxd8 41. Bxe2 g5 42. a4 1/2-1/2

[Event "FRA-chT Top 16 GpA"]
[Site "Noyon"]
[Date "2005.04.01"]
[Round "5"]
[White "Schlosser, Philipp"]
[Black "Aronian, Levon"]
[Result "1/2-1/2"]
[WhiteElo "2570"]
[BlackElo "2684"]
[PlyCount "41"]
[EventDate "2005.03.31"]
[EventType "team"]
[EventRounds "7"]
[EventCountry "FRA"]
[SourceTitle "CBM 105 Extra"]
[Source "ChessBase"]
[SourceDate "2005.05.01"]
[SourceVersion "1"]
[SourceVersionDate "2005.05.01"]
[SourceQuality "1"]

1. e4 e5 2. Nf3 Nc6 3. Bb5 Nf6 4. Nc3 Nd4 5. Nxd4 exd4 6. e5 dxc3 7. exf6 Qxf6
8. dxc3 c6 9. Bd3 d5 10. O-O Bc5 11. Qh5 g6 12. Qh6 Bf8 13. Qe3+ Be6 14. Qg3
Be7 15. Qc7 O-O 16. Be3 Bc8 17. Bd4 Qd6 18. Qxd6 Bxd6 19. c4 dxc4 20. Bxc4 Bf5
21. c3 1/2-1/2

[Event "EU-ch 6th playoff"]
[Site "Warsaw"]
[Date "2005.07.02"]
[Round "3.4"]
[White "Aronian, Levon"]
[Black "Karjakin, Sergey"]
[Result "1/2-1/2"]
[WhiteElo "2693"]
[BlackElo "2635"]
[Annotator "Lutz,C"]
[PlyCount "78"]
[EventDate "2005.07.02"]
[EventType "k.o. (rapid)"]
[EventRounds "3"]
[EventCountry "POL"]
[SourceTitle "CBM 108"]
[Source "ChessBase"]
[SourceDate "2005.09.26"]
[SourceVersion "1"]
[SourceVersionDate "2005.09.26"]
[SourceQuality "1"]

1. d4 d5 2. c4 c6 3. Nc3 Nf6 4. e3 e6 5. Nf3 Nbd7 6. Qc2 Bd6 7. g4 Bb4 8. Bd2
Qe7 9. Bd3 Bxc3 10. Bxc3 dxc4 11. Bxc4 b5 12. g5 $146 {Karjakin hatte in drei
Partien bereits Erfahrung mit 12.Bd3 bzw. 12.Be2 gemacht.} (12. Bd3 Bb7 13. e4
Nxe4 $1 (13... a6 {1-0 Radjabov,T-Karjakin,S/Benidorm 2003/CBM 99 (81)/[Lutz]})
14. Bxe4 f5 15. Bd3 c5 16. Be2 (16. Qe2 c4 17. Bc2 fxg4) 16... cxd4 17. Bxd4 (
17. Nxd4 $5 Bxh1 18. gxf5 $44) 17... Rc8 18. Qd2 fxg4 19. Rg1 e5 20. Bc3 Bxf3
21. Bxb5 $13 {0-1 Mamedyarov,S-Karjakin,S/Benidorm 2003/CBM 99/[Lutz] (54)}) (
12. Be2 Bb7 13. b4 (13. g5 Nd5 14. Bd2 O-O 15. e4 Nb4 $1 16. Qc3 c5 17. dxc5 a5
18. a3 Nxc5 $1 19. axb4 Nxe4 20. Qe3 Nxd2 21. Qxd2 Rfd8 22. Qe3 Qxb4+ 23. Qc3
Qxc3+ 24. bxc3 Rac8 $17 {1-0 Bareev,E-Fressinet,L/Enghien les Bains 2003/CBM
96/[Lutz] (65)}) 13... Nd5 14. Rb1 O-O 15. g5 f6 16. gxf6 Rxf6 17. Rg1 Nxc3 18.
Qxc3 Raf8 19. Rg3 c5 20. bxc5 Bxf3 21. Bxf3 Rxf3 22. Rxf3 Rxf3 $17 {0-1 Dobrov,
V-Karjakin,S/bereg.ru Int 2003/CBM 97 ext (55)}) 12... Nd5 $5 (12... bxc4 13.
gxf6 Nxf6 (13... Qxf6 14. Qe4 Bb7 15. Rg1 $44) 14. Rg1 O-O 15. O-O-O {und Weiß
hat Kompensation, da immer Drohungen gegen g7 in der Luft hängen.}) 13. Bxd5
exd5 $13 {Stände der weiße g-Bauer noch auf g2, hätte Weiß angesichts des
rückständigen c-Bauers deutlichen Vorteil. So aber ist die Lage unklar, da
Weiß auf den weißen Feldern schwach ist.} 14. Ba5 {Verhindert ...a7-a5.} Bb7
15. a3 Qe6 16. Bb4 O-O-O $2 {Danach gerät Schwarz dauerhaft in Nachteil.} (
16... a5 {war kritisch.} 17. Bc5 Qg4 {und Schwarz gewinnt den g-Bauern.} 18.
Ne5 (18. Ke2 $2 b4) (18. Qe2 Nxc5 19. dxc5 Qe4 20. Rd1 b4) 18... Nxe5 19. dxe5
Qxg5 20. O-O-O Qg6 $13 {Weiß hat natürlich Kompensation für den Bauern, aber
mehr auch nicht. Schwarz kann im Zweifelsfall mit ...b5-b4 Gegenspiel suchen.})
17. O-O-O Kb8 18. Kb1 Qg4 19. Ne5 (19. Bd6+ Ka8 20. Ne5 $16) 19... Qe6 (19...
Nxe5 20. dxe5 Qxg5 21. Bd6+ Ka8 22. Rhg1 Qh6 23. f4 $44 {Hier ist die weiße
Kompensation wesentlich, da er z.B. die Idee Qc2-c3-a5 nebst Bd6-c5 hat.}) 20.
Nxd7+ Rxd7 21. Ka1 $16 {Weiß hat wegen seines besseren Läufers deutlichen
Vorteil. In der Folge spielt Aronian nicht mehr optimal, da ihm ein Remis in
diesem Stichkampf zum Gesamtsieg genügte.} f6 22. Rdg1 g6 23. h4 Re8 24. h5 f5
25. hxg6 hxg6 26. Rh6 Bc8 27. Rg3 Kb7 28. f4 Rg7 29. Rgh3 Qf7 30. Qh2 Qc7 31.
Rh7 Reg8 32. Rxg7 Rxg7 33. Qd2 Kb8 34. Rh6 Qd7 35. Rh8 $6 (35. Bf8 Rg8 36. Qb4
$16) 35... Rh7 36. Bd6+ Kb7 37. Rxh7 Qxh7 38. Qa5 Be6 39. Qd8 Qd7 1/2-1/2

[Event "ESP-chT Honor Gp1 49th"]
[Site "Merida"]
[Date "2005.08.27"]
[Round "4"]
[White "Aronian, Levon"]
[Black "Gelfand, Boris"]
[Result "1/2-1/2"]
[WhiteElo "2724"]
[BlackElo "2724"]
[Annotator "Gavrikov,V"]
[PlyCount "195"]
[EventDate "2005.08.24"]
[EventType "team"]
[EventRounds "5"]
[EventCountry "ESP"]
[SourceTitle "CBM 109"]
[Source "ChessBase"]
[SourceDate "2005.11.14"]
[SourceVersion "1"]
[SourceVersionDate "2005.11.14"]
[SourceQuality "1"]

1. d4 Nf6 2. c4 e6 3. Nc3 Bb4 4. e3 O-O 5. Nge2 d5 6. a3 Be7 7. cxd5 Nxd5 ({
This reply became popular in last time instead of the more solid} 7... exd5) 8.
Bd2 Nd7 9. g3 ({White has also tried} 9. Qc2 Nxc3 $6 (9... N5f6 $142 $5 {/\ e5}
) 10. Bxc3 $5 b6 11. Ng3 Bb7 12. Rd1 Re8 13. e4 Nf8 14. Bc4 $14 {1-0 Epishin,
V-Solozhenkin,E/Marseille 2004/EXT 2005 (29)}) 9... N5f6 {Planning e6-e5.} ({
Another way of development is} 9... b6 10. Nxd5 exd5 11. Bg2 Nf6 12. O-O Bb7 {
e.g.} (12... Bf5 $5) 13. Rc1 Qd7 14. Qc2 Bd6 (14... c5 $143 15. dxc5 bxc5 16.
Bc3) 15. Bb4 Bxb4 16. axb4 c6 17. Nf4 a6 18. Qc3 Qd6 19. f3 Rfe8 20. Rfe1 Rad8
21. Rcd1 Nd7 $1 22. e4 dxe4 23. fxe4 Nf8 24. e5 Qd7 {0-1 Janssen,R-Tiviakov,S/
Dieren 2004/CBM 101 ext (44) and Black´s chances are not worse.}) 10. Bg2 e5 (
10... c5 $143 11. O-O cxd4 {1/2-1/2 Kovacevic,B-Palac,M/Nova Gorica 2002/ (16)}
12. Nxd4 $14) 11. O-O exd4 {A suggestion of Ftacnik.} ({After} 11... c6 12. Qc2
exd4 13. Nxd4 Nb6 14. Rad1 {1-0 Malakhov,V-Nielsen,P/Istanbul 2003/CBM 096/ 
(26) White can hope for the slight advantage due to his pawn majority in the
centre.}) 12. Nxd4 Ne5 13. Qc2 ({It seems to me that more promising
continuation was} 13. b4 c5 14. bxc5 Bxc5 15. Nce2 Bg4 $5 (15... Qe7 16. Qb3)
16. Bb4 $1 (16. Bxb7 Rb8 17. Bg2 Bxd4 18. exd4 Nf3+ 19. Bxf3 Bxf3 $44) 16...
Bxb4 17. axb4 $36 {[%cal Gg2b7]}) (13. Qc2 c5 14. Nf3 Qd3 15. Rac1 $11) (13.
Ne4 c5 14. Nxf6+ Bxf6 15. Nb5 Bg4 16. f3 Be6 $17) 13... c5 14. Nf5 {An
unexpected pawn sacrifice.} ({To the equality leads} 14. Nf3 Qd3 15. Rac1 Bf5
16. Qb3 $1 Nxf3+ 17. Bxf3 Rab8 (17... Ne4 18. Be1 Ng5 19. Bg2 $13) 18. Rfd1 Be6
19. Qa4 a6) 14... Bxf5 15. Qxf5 Qxd2 16. Qxe5 Bd6 17. Qf5 Qxb2 18. Rfc1 Rad8
19. a4 {[%cal Ga1b1]} c4 $2 {Allows White to win back the pawn and makes it
difficult for Black to defend his queenside.} ({Correct was} 19... b6 $1 20.
Rab1 Qd2 21. Rc2 g6 22. Rxd2 gxf5 23. Rbd1 Bc7 24. Nd5 Nxd5 25. Bxd5 {with
drawing ending.}) 20. Rab1 Qa3 21. Qc2 ({Also good was the immediate} 21. Bxb7)
21... Be5 (21... b6 $143 $6 22. Nb5 Qc5 23. Nxa7) 22. Nb5 Qc5 23. Qe2 a6 ({Or} 
23... c3 24. f4) 24. Rxc4 Qe7 25. Nc3 Rd7 ({An alternative is} 25... Bxc3 26.
Rxc3 Ne4 {but it is understandable that Black prefers to keep the
opposite-coloured bishops.}) 26. Ne4 Rfd8 27. h4 ({Deserved attention} 27. Nc5
$5 Rd2 28. Qf3 b5 29. axb5 axb5 30. Rxb5 Rd1+ 31. Bf1 $16) 27... g6 28. Qf3 (
28. Nxf6+ $142 Bxf6 29. Qf3) 28... Nxe4 ({Stronger looks} 28... Nd5) 29. Qxe4
b5 $5 ({It the event of} 29... Rd1+ 30. Kh2 Rxb1 31. Qxb1 Rd7 {unpleasant is}
32. f4 Bf6 33. e4) 30. axb5 Rd1+ 31. Kh2 Rxb1 32. Qxb1 axb5 33. Qxb5 {In
resulted endgame is not easy for White to realize his extra pawn and the most
probable outcome is draw.} Bf6 34. Qa5 Qe5 35. Qe1 Kg7 36. Bf3 h5 37. Kg2 Rd7
38. Qe2 Rc7 39. Rd4 Qc5 40. Rd2 Ra7 41. Kh2 Qc7 42. Rc2 Qe5 43. Qc4 Rd7 44. Qa4
Qe7 45. Qb5 Rc7 46. Rd2 Qe5 47. Qe2 Qc5 48. Bd5 Bc3 49. Rd1 Qb6 50. Kg2 Qb2 51.
Qf3 Bf6 52. e4 Be5 ({Similar is} 52... Rc3 53. Qf4 Rc2 54. Rd3 Qe5 55. Qf3 Rc7)
53. Rd3 Qb6 54. Rb3 Qd4 55. g4 hxg4 56. Qxg4 Qd2 (56... f5 $142 $5) 57. Rf3 Qh6
58. Rf5 f6 59. Rf3 Qh5 60. Qxh5 ({If} 60. Qe6 {then} Kh6) 60... gxh5 61. Rb3
Re7 62. Rb6 f5 $6 (62... Rc7 $142) 63. f4 $6 ({White wants to avoid the
blockade of f-pawn, however better is} 63. exf5 Bf6 64. Kg3 $16) 63... Bxf4 $2
({Necessary was} 63... Bc7 $1 64. Rc6 fxe4 65. f5 Rd7 $1 66. f6+ (66. Bxe4 Bd6)
66... Kf8 67. Bxe4 $140 Kf7 68. Bf3 Bd6 {with draw.}) 64. exf5 Be5 $2 {A
blunder.} ({The only defence was} 64... Rd7 $1 65. Rg6+ Kf8 66. Kf3 Bc1 67.
Rg8+ Ke7 68. Ke4 Bb2 {with the idea} 69. Rg5 Ra7 70. Rxh5 Ra4+ 71. Kf3 Bf6 $1
72. Kg3 Be5+ 73. Kh3 Kf6 $1 74. Be6 Ra3+ 75. Kg2 Rg3+ 76. Kf2 Kg7 $1 $11) 65.
Rg6+ Kh7 66. f6 $1 Rd7 67. f7 $2 ({Missing a winning possibility} 67. Be4 $1
Rd4 (67... Kh8 68. Kf3 Rd4 (68... Bc3 69. Rh6+ Kg8 70. Bf5 $1 $18) 69. f7 Bg7
70. Rg5 Rd6 71. Kg3 $1) 68. Bf5 $1 Rf4 69. Bc2 Rc4 70. Bd3 Rd4 71. f7 Bg7 72.
Rd6+ Rxd3 73. Rxd3 Kg6 74. Rf3 Bf8 75. Rf4) 67... Bg7 68. Rg5 Kh6 69. Kf3 Rd6
70. Rf5 Kg6 71. Ke4 Rf6 72. Rg5+ Kh6 73. Ke3 Bf8 74. Rg8 Bg7 75. Kd3 Rf4 76.
Ke3 Rf6 77. Bc4 Kg6 78. Ra8 Bh6+ 79. Ke2 Rf4 80. Bd5 Bg7 81. Ra6+ Rf6 82. Ra4
Bh6 83. Ra1 Rf4 84. Kd3 Bf8 85. Rh1 Rg4 86. Kc3 Kg7 87. Be6 Re4 88. Bc4 Be7 89.
Rg1+ Rg4 90. Rf1 Bf8 91. Rh1 Be7 92. Be6 Rxh4 93. Rg1+ Kf6 94. Bd5 Bf8 95. Rg8
Ke7 96. Rg6 Rf4 97. Re6+ Kd7 98. Re4 1/2-1/2

[Event "ESP-chT Honor Gp1 49th"]
[Site "Merida"]
[Date "2005.08.28"]
[Round "5"]
[White "Macieja, Bartlomiej"]
[Black "Aronian, Levon"]
[Result "0-1"]
[WhiteElo "2592"]
[BlackElo "2724"]
[PlyCount "166"]
[EventDate "2005.08.24"]
[EventType "team"]
[EventRounds "5"]
[EventCountry "ESP"]
[SourceTitle "EXT 2010"]
[Source "ChessBase"]
[SourceDate "2010.11.25"]
[SourceVersion "1"]
[SourceVersionDate "2010.11.25"]
[SourceQuality "1"]

1. d4 Nf6 2. c4 e6 3. Nc3 Bb4 4. Qc2 d5 5. a3 Bxc3+ 6. Qxc3 Ne4 7. Qc2 c5 8.
dxc5 Nc6 9. cxd5 exd5 10. Nf3 O-O 11. b4 Bf5 12. Bb2 Re8 13. Rd1 b6 14. e3 bxc5
15. Bb5 Re6 16. Qb3 Ne7 17. Be2 Bg4 18. h3 Bh5 19. O-O Rb8 20. Ba1 Qf8 21. Qa4
Rg6 22. Rfe1 Bxf3 23. Bxf3 Ng5 24. Bg4 h5 25. Bxh5 Nxh3+ 26. Kf1 Rh6 27. Bf3
Ng5 28. Bxd5 cxb4 29. axb4 Rh1+ 30. Ke2 Rh4 31. f4 Nxd5 32. Rxd5 Ne4 33. b5 Re8
34. Kf3 f6 35. Rd4 Nc5 36. Qxa7 Ne6 37. Rdd1 Qb4 38. Bd4 Qxb5 39. Qa2 Qf5 40.
Kf2 Rc8 41. Rc1 Rxc1 42. Rxc1 Kh7 43. Qc2 Nxd4 44. exd4 Rxf4+ 45. Ke3 Kg6 46.
Qxf5+ Rxf5 47. Rc2 Ra5 48. Ke4 f5+ 49. Kf4 Rd5 50. Rc6+ Kh5 51. Rc5 Rxd4+ 52.
Kxf5 Rg4 53. Rc8 g6+ 54. Kf6 Rf4+ 55. Kg7 g5 56. Rc3 Ra4 57. Kf6 Kg4 58. Re3
Ra2 59. Re5 Ra6+ 60. Re6 Ra8 61. Re5 Rf8+ 62. Kg7 Ra8 63. Kf6 Rg8 64. Kf7 Rh8
65. Kg6 Rg8+ 66. Kf7 Ra8 67. Kf6 Rf8+ 68. Kg7 Rb8 69. Kf6 Rb6+ 70. Re6 Rb3 71.
Re4+ Kh5 72. Re2 Kh4 73. Kf5 g4 74. Kf4 Rb4+ 75. Kf5 Kg3 76. Ra2 Rb5+ 77. Ke4
Rb8 78. Kf5 Kh4 79. Ra3 Rf8+ 80. Ke4 Rf2 81. g3+ Kh3 82. Rb3 Kg2 83. Ra3 Rf3
0-1

[Event "Bundesliga 0506"]
[Site "Germany"]
[Date "2005.10.21"]
[Round "7.1"]
[White "Aronian, Levon"]
[Black "Miroshnichenko, Evgenij"]
[Result "1-0"]
[WhiteElo "2724"]
[BlackElo "2634"]
[Annotator "Hazai,L"]
[PlyCount "79"]
[EventDate "2005.10.21"]
[EventType "team-tourn"]
[EventRounds "15"]
[EventCountry "GER"]
[SourceTitle "CBM 110"]
[Source "ChessBase"]
[SourceDate "2006.01.31"]
[SourceVersion "1"]
[SourceVersionDate "2006.01.31"]
[SourceQuality "1"]
[WhiteTeam "Kreuzberg"]
[BlackTeam "Neukoelln"]
[WhiteTeamCountry "GER"]
[BlackTeamCountry "GER"]

1. d4 Nf6 2. c4 g6 3. Nc3 Bg7 4. e4 O-O 5. Bd3 d6 6. Nge2 Na6 7. O-O e5 8. d5
Nc5 9. Bc2 a5 {Black's setup is natural from the classical point of view.
However White's main idea with Bd3 is to prepare against this, the e4 P is
well-protected and f5 will be answered by exf5 in most of the cases.} 10. Rb1 {
White wants to prepare b4.} (10. f3 {may lead to Samish type of positions.})
10... Bd7 {fighting against a3-b4.} (10... Nh5 {/\ f5} 11. Be3 f5 (11... Bd7 {
can already be met by} 12. a3 $14) 12. exf5 gxf5 13. f4 {fixing the target f5
White has to blockade f4. The e5 and f4 squares are very important, if Black
cannot hold the tension, he has to close the position by e4. In this case it
is not easy for him to organize a counterplay.} e4 {It's better now than later.
} (13... Qe7 14. Qd2 e4 (14... Bd7 {If Black wants to keep the tension, a
tactical blow will come on the d <->!} 15. fxe5 (15. Rbe1 {is not a necessary
preparatory move.} e4 (15... Rae8 16. fxe5 $1 (16. Nb5 Bxb5 17. cxb5 exf4 18.
Nxf4 Nxf4 19. Bxf4 {(Letelier-Garcia Martinez, Havana 1964)} Qf6 $13) 16...
Bxe5 (16... dxe5 {is strongly met by} 17. d6 $1 cxd6 (17... Qxd6 18. Qxd6 cxd6
19. Rd1 $16) 18. Rd1 $16 {and the threats on the d <-> are not easy to parry.})
17. Nf4 Nxf4 18. Bxf4 $14 {firmly controlling >< f4.}) 16. Bd4 $14 {exchanging
the vital fianchettoed B. Later White has to blockade the e3 square with his N,
the d7 B remains passive.}) 15... dxe5 16. d6 $1 {This motif is the point!}
cxd6 (16... Qxd6 17. Qxd6 cxd6 18. Rbd1 $16) 17. Rbd1 $16) 15. Bd4 $14) 14. Bd4
$14 {taking control over >< d4 and e3.}) (10... c6 11. a3 {following the
original plan of Rb1.} (11. Bg5 $6 {is rather useless here.} h6 12. Bd2 cxd5
13. cxd5 Bd7 {/\ b5} 14. b4 (14. f3 b5) 14... axb4 15. Rxb4 b5 {Black has
enough counterplay on the <<, the N on c5 remains strong.} 16. Rb2 Qc7 17. Qb1
Rfb8 18. Rc1 Qa7 19. Nd1 Ne8 20. Nec3 {Bratanov-Claverie, Le Touquet 2004})
11... cxd5 12. cxd5 Bd7 13. b4 axb4 14. axb4 Na6 {If the N has to go back,
Black's strategy has failed.} 15. Ba4 $14 {exchanging Black's important
light-squared B.}) 11. b3 $1 (11. a3 {can be met by} a4 12. Be3 Ra5 13. f3 (13.
Bxc5 dxc5) 13... Qa8 {holding the blockading P a4.}) 11... Nh5 (11... c6 12. a3
(12. dxc6 $6 Bxc6 $13 {allows Black to organize counterplay on the dark
squares.}) 12... cxd5 13. cxd5 b5 14. b4 axb4 15. axb4 $14 {and the N has to
retreat.}) 12. Be3 (12. a3 {is the other consequent try.} f5 (12... b6 $6 {
is completely senseless.} 13. b4 axb4 14. axb4 Nb7 {The N is pathetic here.}
15. Ba4 {weakening the light squares.} Bxa4 16. Nxa4 $16 {
Krysztofiak-Strejczek, Leba 2004}) 13. exf5 (13. b4 axb4 14. axb4 Nxe4 15. Nxe4
fxe4 16. Bxe4 {White has not enough control over the central squares.} Qh4 $132
) 13... gxf5 14. b4 axb4 15. axb4 Na6 16. f4 $14 {is the ideal set-up for
White.}) 12... Nf4 (12... f5 {deserved attention, as usual.} 13. exf5 gxf5 14.
Qd2 $5 (14. f3 {looks a bit passive.} Kh8 15. Qd2 Rg8 {1/2-1/2
Matamoros-Rodriguez Talavera, Coria del Rio 1995})) 13. Qd2 (13. Nb5 f5 $1 $132
(13... Qg5 14. g3 $16) (13... Bxb5 14. cxb5 $16) (13... Re8 14. a3 $14)) 13...
Qh4 14. Ng3 (14. f3 f5) 14... h5 $5 (14... f5 $1 15. f3 Na6 16. exf5 (16. a3 $2
Nh3+ 17. gxh3 f4 $40) 16... gxf5 17. Nge2 Nxe2+ 18. Qxe2 Nb4 $36) 15. a3 {/\ b4
} Qf6 $6 {Black is not consequent, 14...h5 had a tactical idea of} (15... Nxg2
$5 16. Kxg2 Qh3+ 17. Kh1 h4 {although White is not depressed after} 18. Rg1
hxg3 19. Rxg3 Qh4 20. b4 axb4 21. axb4 Na6 22. c5 $14) 16. b4 axb4 17. axb4 Na6
{Black had to retreat with his active pieces.} 18. Nge2 Nxe2+ (18... Qh4 19.
Kh1) 19. Qxe2 {The last active piece has been exchanged.} Qe7 20. Kh1 (20. Ba4
{wants to exchange the important light-squared B.} Bc8) 20... Rfe8 $6 {Why?} (
20... h4) 21. Bd3 (21. Ba4 $16 {and the B cannot escape!}) 21... f5 22. c5 dxc5
(22... f4 $2 {is strongly countered by} 23. c6 $1 bxc6 (23... fxe3 24. cxb7
Rab8 25. Bxa6 exf2 26. Rxf2 $18) 24. dxc6 Be6 25. Bd2 $18) 23. Bxa6 bxa6 (23...
Rxa6 24. bxc5 Bc8 (24... f4 $2 25. Rxb7 $18) 25. f3 $16) 24. Bxc5 $6 {Now
White's advantage is not so big anymore.} (24. bxc5 $1 f4 25. c6 Bc8 26. Bc1
$16 {looked more promising.}) 24... Qf6 25. exf5 $2 {giving up the [+] only
opens up the position for the ^^.} (25. Ra1 $1) 25... e4 $1 {This is the
typical positional P sacrifice, now both bishops work well.} (25... Bxf5 $2 26.
Ne4 $16 {loses the control over the vital blockading square e4.}) (25... gxf5
$5) 26. Nxe4 (26. Rfc1 $5 Bxf5) 26... Qxf5 (26... Qh4 $5 27. f3 gxf5 28. Qf2
Qxf2 29. Nxf2 Bb5 30. Rfe1 $14 {leads to an _|_, where the black ^^ wants to
compensate the P.}) 27. Rfe1 Bb5 28. Qe3 Qxd5 29. Rbd1 Qe6 (29... Qf7 30. Bd4
$14) 30. Qd2 Bc6 31. f3 Bxe4 {Black gives up the ^^, but this is still not so
terrible.} (31... Qf7 $5 $14) 32. fxe4 Be5 (32... Rad8 $6 33. Qxd8 Rxd8 34.
Rxd8+ Kh7 35. h3 $14) 33. h3 Qc6 (33... Kh7) 34. Rf1 a5 35. Qg5 Qe6 (35... axb4
) 36. Bd4 axb4 $4 {This is the final blunder, probably already in a big time
trouble.} (36... Bxd4 37. Rxd4 axb4 38. Rxb4 Rf8 {was still playable.}) 37.
Bxe5 Qxe5 38. Qxg6+ $18 Qg7 39. Qxh5 Rad8 40. Rd5 1-0